Personal Names in PINK FLOYD Song Titles - Statistics

General Stats
  • This quiz has been taken 199 times
  • The average score is 8 of 12
Answer Stats
Song Title Year NAME % Correct
See _____ Play 1967 Emily
93%
______ Layne 1967 Arnold
89%
____'s Psychedic Breakfast 1970 Alan
88%
Careful With That Axe, ______ 1968 Eugene
87%
Lucifer ___ 1967 Sam
87%
Not Now ____ 1983 John
85%
____ Latham 2016 John
85%
_______ Mother 1967 Matilda
76%
_____ Dream 1968 Julia
54%
____ Leave 2015 Lucy
22%
_____'s Boogie 2016 Roger
22%
Walk With Me ______ 2015 Sydney
14%
No matching quizzes found
Score Distribution
Percent of People with Each Score
Percentile by Number Answered
Your Score History
You have not taken this quiz